Les Mat(t)hieu célèbres - Statistiques

Statistiques générales
  • Ce quiz a été pris 115 fois
  • Le résultat moyen est 4 sur 16
Statistiques - réponses
Par images Réponse % Correct
Matthieu Chedid
91%
Matthieu Delormeau
71%
Mathieu Kassovitz
66%
Mathieu Madénian
49%
Mathieu van der Poel
40%
Mathieu Bodmer
25%
Matthieu Ricard
17%
Mathieu Amalric
15%
Mathieu Burgaudeau
13%
Matthieu Gonet
10%
Matthieu Noël
7%
Mathieu Démy
3%
Mathieu Carrière
2%
Mathieu Boogaerts
1%
Mathieu Delarive
1%
Mathieu Boutin
0%
Aucun quiz correspondant
Distribution des résultats
% des personnes avec chaque résultat
Percentile par nombre de réponses
Votre historique - résultats
Vous n’avez pas pris ce quiz